E-business v službách

Bibliographic Details
Main Author: Benešová, Dana, 1958- (Author)
Format: Book
Language:Slovak
PhysicalDescription:135 s. grafy 19 cm
Published: V Bratislave Ekonóm 2010
ISBN:9788022528917
Edition:1. vyd.
Subjects:

MARC

LEADER 00000nam a2200000 a 4500
001 vtls010095459
003 SK-MaSNL
005 20260301131252.0
008 240318s2010 xo d f p 000 0 slo
015 |a SNBA2010/08-04202 
020 |a 9788022528917  |q (brož.) 
035 |a 1D67FABA-7AC9-4395-9817-7A1D01BCA06A 
035 |a urn:nbn:sk:snk-amjfws 
035 |a urn:nbn:sk:snk-am001x1n 
040 |a SNK  |b slo  |c SNK  |e AACR2 
041 0 |a slo 
044 |a xo  |c SK 
072 7 |a 658  |x Riadenie a správa podniku  |2 konspekt 
080 |a 658.114:004.738  |2 2001 
080 |a 658.849:004.738  |2 2001 
080 |a 004.738.5:338.46  |2 2001 
080 |a (048.8)  |2 2001 
100 1 |a Benešová, Dana,  |d 1958-  |4 aut  |9 216630 
245 1 0 |a E-business v službách  |c Dana Benešová 
250 |a 1. vyd. 
260 |a V Bratislave  |b Ekonóm  |c 2010 
300 |a 135 s.  |b grafy  |c 19 cm 
366 |e 50 výt. 
504 |a Bibliogr. s. 115-118 
650 0 7 |a elektronické podnikanie  |2 SNKPH  |9 51762 
650 0 7 |a elektronický obchod  |2 SNKPH  |9 3918 
650 0 7 |a webové služby  |2 SNKPH  |9 177689 
655 7 |a monografie  |2 SNKPH  |9 70139 
710 2 |a Ekonomická univerzita v Bratislave.  |b Obchodná fakulta  |4 pbl  |9 115933 
752 |a Slovensko  |d Bratislava 
852 |a Štátna vedecká knižnica v Banskej Bystrici 
919 |a 978-80-225-2891-7 
958 |a OND 
958 |a NB 
968 |d 65 
999 |c 747404  |d 749334 
952 |a SNK  |b SNK  |y PREZ  |7 0  |p 17A0660825  |o snkSC 140671  |i snk2010/12020  |8 0  |0 0  |1 0  |4 0  |d 2010-06-03  |f 1  |l 0  |r 2025-07-08 00:00:00  |w 2026-02-23 
952 |a SNK  |b SNK  |y VYP  |7 0  |p 17A0660826  |o snkSC 140671 D1  |i snk2010/12021  |8 0  |0 0  |1 0  |4 0  |d 2010-06-03  |l 0  |r 2026-02-23 23:20:43  |w 2026-02-23